Under wraps / (Record no. 3911)

MARC details
000 -LEADER
fixed length control field 00773cam a22002297a 4500
005 - DATE AND TIME OF LATEST TRANSACTION
control field 20251117101240.0
020 ## - INTERNATIONAL STANDARD BOOK NUMBER
International Standard Book Number 9780439351874
040 ## - CATALOGING SOURCE
Original cataloging agency DLC
Transcribing agency DLC
Modifying agency DLC
Language of cataloging eng
082 ## - DEWEY DECIMAL CLASSIFICATION NUMBER
Classification number 393
100 1# - MAIN ENTRY--PERSONAL NAME
Personal name Goldfish, Meish.
245 10 - TITLE STATEMENT
Title Under wraps /
Statement of responsibility, etc. written by Meish Goldfish
260 ## - PUBLICATION, DISTRIBUTION, ETC.
Place of publication, distribution, etc. New York :
Name of publisher, distributor, etc. Scholastic,
Date of publication, distribution, etc. 2002
300 ## - PHYSICAL DESCRIPTION
Extent 16 pages :
Other physical details color illustrations ;
Dimensions 20 cm.
505 ## - FORMATTED CONTENTS NOTE
Formatted contents note R <br/>
520 ## - SUMMARY, ETC.
Summary, etc. Most of the royal tombs were hidden for many, many years. Stories about the riches of the tombs were told, but most these treasures were safely hidden from robbers.
521 ## - TARGET AUDIENCE NOTE
Target audience note 740 <br/>
Source Lexile <br/>
521 ## - TARGET AUDIENCE NOTE
Target audience note R <br/>
Source Raz-Plus <br/>
650 ## - SUBJECT ADDED ENTRY--TOPICAL TERM
Topical term or geographic name entry element mummies
Form subdivision Non-Fiction
906 ## - LOCAL DATA ELEMENT F, LDF (RLIN)
a 7
b cbc
c orignew
d 4
e ncip
f 20
g y-gencatlg
942 ## - ADDED ENTRY ELEMENTS (KOHA)
Source of classification or shelving scheme Dewey Decimal Classification
Koha item type Books
Suppress in OPAC No
999 ## -
-- 3911
-- 3911
Holdings
Withdrawn status Lost status Source of classification or shelving scheme Damaged status Not for loan Collection Home library Current library Shelving location Date acquired Total Checkouts Full call number Barcode Date last seen Price effective from Koha item type Copy number
    Dewey Decimal Classification     Non-Fiction Footprints International School Library Network Toul Kork Campus Footprints International School Library Network Toul Kork Campus   05/23/2024   GOL 393 FIS04680 05/23/2024 05/23/2024 Books  
    Dewey Decimal Classification     Non-Fiction Footprints International School Library Network Toul Tom Poung Campus Footprints International School Library Network Toul Tom Poung Campus TTP Primary Orange Bookshelves 11/17/2025   GOL 393 FISSE01176 11/17/2025 11/17/2025 Books 2